• 首页
  • 本馆介绍
  • 公告通知
  • 最新文献
  • 馆藏检索
  • 电子资源
  • 读者导购
  • 参考咨询
  • 我的图书馆
  • 登录
  • 详细信息显示
  • 放入我的书架
  • 预约/预借图书
  • 作者相关作品
  • 分类相关作品
  • 丛书相关作品
  • 出版社相关作品

书目信息

  • 表格格式
  • 工作单格式
  • 卡片格式
题名:
律学
    
 
作者: 缪天瑞 著
分册:  
出版信息: 北京   人民音乐出版社  1983.5
页数: 283页
开本: 20cm
丛书名:
单 册:
中图分类: J612
科图分类:
主题词: 音乐--技术--理论 , 音乐--技术--方法
电子资源:
ISBN:
000 00542nam0 2200217 45
001 0312221749
005 20040514092218.2
010    @dCNY1.55
100    @a20031222d1983 km y0chiy0120 ea
101    @achi
105    @a z 000yy
200 1  @a律学@ALu Xue@f缪天瑞著@FMiao Tian Rui Zhu
205    @a2版@b增订版
210    @a北京@c人民音乐出版社@d1983.5
215    @a283页@d20cm
606 0  @a音乐@x技术@x理论
606 0  @a音乐@x技术@x方法
690    @aJ612@v3
701 0  @a缪天瑞@4著
801    @aCN@bTSTCL@c20031222
905    @dJ612@e34
    
    律学/缪天瑞著.-2版,增订版.-北京:人民音乐出版社,1983.5
    283页;20cm
    
    
    ISBN :CNY1.55
    
●
相关链接 在E读中查询图书 在五车中查询图书 在当当中查询图书 在豆瓣中查询图书


正题名:律学     索取号:J612/34         预约/预借

序号 登录号 条形码 馆藏地/架位号 状态 备注
1 0117288   000573481   密集书库/ [索取号:J612/34] 在馆    
2 0117289   000573551   密集书库/ [索取号:J612/34] 在馆    
3 0117290   000573560   第一样本阅览室/ [索取号:J612/34] 在馆    
4 0177899   000573542   密集书库/ [索取号:J612/34] 在馆    
5 0177900   000573533   密集书库/ [索取号:J612/34] 在馆    
6 0219432   001730746   密集书库/ [索取号:J612/34] 在馆    
唐山师范学院图书馆 欢迎您!
大连网信软件有限公司© 版权所有